000 00606nam a22002177a 4500
005 20251108164017.0
008 250721s1986 xx 000 0 ara d
082 1 4 _a001.6424/عوض
100 1 _aمنصور، عوض
245 1 0 _aبرمجة الحاسبات بلغة كوبول /
246 1 1 _acomputer programming with cobol
250 _aط5
264 1 _aاربد :
_bدار الأمل،
_c1986.
300 _a572ص.
650 1 7 _aالحواسيب
650 1 7 _aكوبول
650 1 7 _aلغات البرمجة
700 1 _aأبو النور، محمد
942 _2ddc
_cBK
999 _c1341
_d1341